000 00487nam a2200169Ia 4500
999 _c23466
_d23466
003 OSt
005 20200214094154.0
008 190216s9999||||xx |||||||||||||| ||und||
040 _coclc
082 _a297.4
_bNIS/A
100 _aNisar, M
_91796
245 0 _aAthmayanam Soofee Bhashanangal /
_cM Nisar
260 _bPoomkavanam Books Publishers,
_c2015.
_aCalicut:
300 _a112p
650 _aIslamic History
942 _cBK
_2ddc
_h297.4
_iNIS/A
_k297.4
_mNIS/A